BUBT Library Online Catalog

Lectures on company law / (Record no. 6524)

000 -LEADER
fixed length control field 00579nam a22001937a 4500
003 - CONTROL NUMBER IDENTIFIER
control field BUBTL
008 - FIXED-LENGTH DATA ELEMENTS--GENERAL INFORMATION
fixed length control field 210905b xxu||||| |||| 00| 0 eng d
020 ## - INTERNATIONAL STANDARD BOOK NUMBER
International Standard Book Number 9789843468536
082 ## - DEWEY DECIMAL CLASSIFICATION NUMBER
Classification number 346.066 / Is41l
100 ## - MAIN ENTRY--PERSONAL NAME
9 (RLIN) 2125
Personal name Islam, Mohammad Towhidul
245 ## - TITLE STATEMENT
Title Lectures on company law /
Statement of responsibility, etc. Mohammad Towhidul Islam
250 ## - EDITION STATEMENT
Edition statement 1st edn.
260 ## - PUBLICATION, DISTRIBUTION, ETC. (IMPRINT)
Place of publication, distribution, etc. Dhaka :
Name of publisher, distributor, etc. Centre for Human Rights & Legal Research,
Date of publication, distribution, etc. c2019.
300 ## - PHYSICAL DESCRIPTION
Extent xxv, 620 p. :
Dimensions 24 cm.
650 #0 - SUBJECT ADDED ENTRY--TOPICAL TERM
9 (RLIN) 26
Topical term or geographic name as entry element Law
856 ## - ELECTRONIC LOCATION AND ACCESS
Password 0
Logon 0
Link text Download
942 ## - ADDED ENTRY ELEMENTS (KOHA)
Source of classification or shelving scheme
Koha item type Books
Holdings
Withdrawn status Lost status Source of classification or shelving scheme Damaged status Not for loan Collection code Permanent location Current location Shelving location Date acquired Source of acquisition Inventory number Total Checkouts Full call number Barcode Date last seen Copy number Price effective from Koha item type Date last checked out
          Non-fiction Bangladesh University of Business and Technology Library Bangladesh University of Business and Technology Library Law Stacks 05/31/2021 Purchase 27755   346.066 / Is41l BUBTL-200327755 09/05/2021 C-1 09/05/2021 Books  
          Non-fiction Bangladesh University of Business and Technology Library Bangladesh University of Business and Technology Library Law Stacks 05/31/2021 Purchase 27756   346.066 / Is41l BUBTL-200327756 09/05/2021 C-2 09/05/2021 Books  
          Non-fiction Bangladesh University of Business and Technology Library Bangladesh University of Business and Technology Library Law Stacks 05/31/2021 Purchase 27757   346.066 / Is41l BUBTL-200327757 09/05/2021 C-3 09/05/2021 Books  
          Non-fiction Bangladesh University of Business and Technology Library Bangladesh University of Business and Technology Library Law Stacks 05/31/2021 Purchase 27758   346.066 / Is41l BUBTL-200327758 09/05/2021 C-4 09/05/2021 Books  
          Non-fiction Bangladesh University of Business and Technology Library Bangladesh University of Business and Technology Library Law Stacks 05/31/2021 Purchase 27759 1 346.066 / Is41l BUBTL-200327759 10/16/2023 C-5 09/05/2021 Books 10/12/2023

More Information About Library

Library Hours

  • Open: 9.00 am. to 9.00 pm.
  • Only Sunday: 9.00 am. to 6.00 pm.
  • Closed: Holiday

Contact to the University

Bangladesh University of Business and Technology Library

  • Mirpurl-2, 1216.
  • Phone:
  • Fax:
  • E-Mail: admin.library@bubt.edu.bd

Contact to the Library

Contact Person:

Md. Abdul Hakim Shah
Joint Librarian
PABX No:  113
Cell No: 01816332931
E-mail: official: admin.library@bubt.edu.bd
Personal: hakim.shah@bubt.edu.bd


BUBT Library

Copyright © 2021